<?xml version="1.0" encoding="UTF-8"?>
<collection xmlns="http://www.loc.gov/MARC21/slim">
 <record>
  <leader>01163nam a22002057a 4500</leader>
  <controlfield tag="001">NCT_4_024350</controlfield>
  <controlfield tag="008">250701b        xxu||||| |||| 00| 0 vie d</controlfield>
  <datafield tag="999" ind1=" " ind2=" ">
   <subfield code="c">9199</subfield>
   <subfield code="d">9199</subfield>
  </datafield>
  <datafield tag="020" ind1=" " ind2=" ">
   <subfield code="a">9786044832555</subfield>
   <subfield code="c">328000</subfield>
  </datafield>
  <datafield tag="082" ind1="0" ind2="4">
   <subfield code="2">23rd ed.</subfield>
   <subfield code="a">428.2</subfield>
   <subfield code="b">H419T</subfield>
  </datafield>
  <datafield tag="245" ind1="1" ind2="0">
   <subfield code="a">Học tiếng Anh theo sơ đồ tư duy =</subfield>
   <subfield code="b">Mind map English</subfield>
   <subfield code="c">Proud Poet Editorial Team ; Nguyễn Thành Yến (dịch)</subfield>
  </datafield>
  <datafield tag="250" ind1=" " ind2=" ">
   <subfield code="a">Tái bản</subfield>
  </datafield>
  <datafield tag="260" ind1=" " ind2=" ">
   <subfield code="a">Tp. Hồ Chí Minh</subfield>
   <subfield code="b">Tổng hợp</subfield>
   <subfield code="c">2024</subfield>
  </datafield>
  <datafield tag="300" ind1=" " ind2=" ">
   <subfield code="a">492 tr.</subfield>
   <subfield code="b">Minh hoạ</subfield>
   <subfield code="c">19cm</subfield>
  </datafield>
  <datafield tag="520" ind1="3" ind2=" ">
   <subfield code="a">Cung cấp hơn 1.500 từ vựng cơ bản cùng 1000 câu hội thoại đơn giản, dễ hiểu về các chủ đề khác nhau trong cuộc sống, giúp người mới học có thể học tiếng Anh một cách hiệu quả nhất bằng sơ đồ tư duy </subfield>
  </datafield>
  <datafield tag="653" ind1=" " ind2=" ">
   <subfield code="a">Ngôn ngữ Anh</subfield>
  </datafield>
  <datafield tag="700" ind1="1" ind2=" ">
   <subfield code="a">Nguyễn Thành Yến</subfield>
   <subfield code="e">Dịch</subfield>
  </datafield>
  <datafield tag="942" ind1=" " ind2=" ">
   <subfield code="2">ddc</subfield>
   <subfield code="c">BK</subfield>
  </datafield>
  <datafield tag="952" ind1=" " ind2=" ">
   <subfield code="0">0</subfield>
   <subfield code="1">0</subfield>
   <subfield code="2">ddc</subfield>
   <subfield code="4">0</subfield>
   <subfield code="6">428_200000000000000_H419T</subfield>
   <subfield code="7">0</subfield>
   <subfield code="9">31113</subfield>
   <subfield code="a">000001</subfield>
   <subfield code="b">000001</subfield>
   <subfield code="d">2025-07-01</subfield>
   <subfield code="o">428.2 H419T</subfield>
   <subfield code="p">MD.24014</subfield>
   <subfield code="r">2025-07-01</subfield>
   <subfield code="v">328000.00</subfield>
   <subfield code="w">2025-07-01</subfield>
   <subfield code="y">BK</subfield>
  </datafield>
  <datafield tag="980" ind1=" " ind2=" ">
   <subfield code="a">Thư viện Trường Đại học Nam Cần Thơ</subfield>
  </datafield>
 </record>
</collection>
